Pays Membre de l'Otan - Statistiques

Statistiques générales
  • Ce quiz a été pris 112 fois
  • Le résultat moyen est 22 sur 32
Statistiques - réponses
Hint Réponse % Correct
1949 France
100%
1955 Allemagne
96%
1982 Espagne
94%
1949 Royaume-Uni
94%
1949 États-Unis
88%
1949 Italie
86%
1949 Portugal
86%
1949 Belgique
83%
1949 Norvège
81%
2024 Suède
80%
1949 Canada
77%
2023 Finlande
77%
1999 Pologne
77%
1949 Pays-Bas
75%
2009 Croatie
70%
1949 Luxembourg
68%
1949 Danemark
67%
1952 Grèce
67%
2004 Slovaquie
65%
1949 Islande
64%
2004 Roumanie
62%
2004 Estonie
61%
1999 Hongrie
59%
2004 Lettonie
59%
2004 Lituanie
59%
2004 Slovénie
59%
2004 Bulgarie
49%
1999 Tchéquie
49%
1952 Turquie
49%
2009 Albanie
46%
2020 Macédoine
32%
2017 Monténégro
30%
Aucun quiz correspondant
Distribution des résultats
% des personnes avec chaque résultat
Percentile par nombre de réponses
Votre historique - résultats
Vous n’avez pas pris ce quiz